• 首页
  • 本馆介绍
  • 公告通知
  • 最新文献
  • 馆藏检索
  • 电子资源
  • 读者导购
  • 参考咨询
  • 我的图书馆
  • 登录
  • 详细信息显示
  • 放入我的书架
  • 预约/预借图书
  • 作者相关作品
  • 分类相关作品
  • 丛书相关作品
  • 出版社相关作品

书目信息

  • 表格格式
  • 工作单格式
  • 卡片格式
题名:
回家:凌云山之灵
    
 
作者: 何木英 , 王明元 著
分册:  
出版信息: 北京   宗教文化出版社  2017
页数: 229页
开本: 20×21cm
丛书名:
单 册:
中图分类: K928.3
科图分类:
主题词:
电子资源:
ISBN: 978-7-5188-0333-0
000 01064nam0 2200253 450
001 012001003729
005 20140926114741.0
010    @a978-7-5188-0333-0@dCNY79.00
100    @a20170905d2017 em y0chiy50 ea
101 0  @achi
102    @aCN@b110000
105    @aag z 000yy
106    @ar
200 1  @a回家:凌云山之灵@9hui jia:ling yun shan zhi ling@f何木英,王明元著
210    @a北京@c宗教文化出版社@d2017
215    @a229页@c图,照片@d20×21cm
314    @a何木英 (1962-),女,四川金堂人,西华师范大学外国语学院教授。主要作品《中西文化比较经典选读》等。
314    @a王明元 (1931-),男,四川阆中人,西华师范大学历史文化学院教授,四川历史学会顾问。主要作品《世界近代史研究》等。
330    @a本书详细描述了凌云山的地理人文宗教意蕴。全书共五章,内容包括:老君洞天 自然之家、孔圣福地 百姓之家、弥陀道场 心灵之家、感恩自然 博爱为家、白山呼唤 建设家园。
690    @aK928.3@v5
701  0 @a何木英@9he mu ying@f(1962-)@4著
701  0 @a王明元@9wang ming yuan@f(1931-)@4著
801  0 @aCN@b上海新华@c20180901
905    @b1163457-61@dK928.3@e1119@f5
    
    回家:凌云山之灵/何木英,王明元著.-北京:宗教文化出版社,2017
    229页:图,照片;20×21cm
    
    
    ISBN 978-7-5188-0333-0:CNY79.00
    本书详细描述了凌云山的地理人文宗教意蕴。全书共五章,内容包括:老君洞天 自然之家、孔圣福地 百姓之家、弥陀道场 心灵之家、感恩自然 博爱为家、白山呼唤 建设家园。
●
相关链接 在E读中查询图书 在五车中查询图书 在当当中查询图书 在豆瓣中查询图书


正题名:回家:凌云山之灵     索取号:K928.3/1119         预约/预借

序号 登录号 条形码 馆藏地/架位号 状态 备注
1 1163457   211634579   第二样本阅览室/ [索取号:K928.3/1119] 在馆    
2 1163458   211634588   第二借阅区/ [索取号:K928.3/1119] 在馆    
3 1163459   211634597   第二借阅区/ [索取号:K928.3/1119] 在馆    
4 1163460   211634604   第二借阅区/ [索取号:K928.3/1119] 在馆    
5 1163461   211634613   密集书库-史法系/ [索取号:K928.3/1119] 在馆    
唐山师范学院图书馆 欢迎您!
大连网信软件有限公司© 版权所有